Is it a Tank? - Statistics

General Stats
  • This quiz has been taken 32 times
  • The average score is 11 of 15
Answer Stats
Question Answer % Correct
Leopard 1 Tank
97%
Panzer IV Tank
97%
T-72B3 Tank
94%
Strv 104 Tank
90%
T-14 Armata Tank
90%
Object 279 Tank
87%
Merkava Mk. 4M Tank
87%
BTR-70 Not a tank
84%
M109 Not a tank
74%
2s25 Sprut Not a tank
65%
BMPT “Terminator” Not a tank
65%
M2A2 Bradley Not a tank
61%
PT-76 Tank
58%
Marder 1 Not a tank
52%
PT-91 Tank
45%
No matching quizzes found
Score Distribution
Percent of People with Each Score
Percentile by Number Answered
Your Score History
You have not taken this quiz